Célébrités aux doubles initiales - Statistiques

Statistiques générales
  • Ce quiz a été pris 103 fois
  • Le résultat moyen est 19 sur 44
Statistiques - réponses
Initiales Indice Réponse % Correct
C Acteur français ayant incarné Jacquouille la Fripouille Christian Clavier
89%
M Ange gardien prénommée Joséphine Mimie Mathy
84%
P Peintre espagnol comptant Guernica, Les demoiselles d'Avignon parmi ses œuvres Pablo Picasso
83%
D Judoka et homme politique français notamment Ministre des Sports en 2011/2012 David Douillet
81%
C Animatrice et styliste brésilienne connue pour sa réplique culte Magnifaïk Cristina Córdula
75%
S A réalisé entre autres Les dents de la mer, E.T l'extraterrestre, Jurassic Park, Il faut sauver le soldat Ryan, La liste de Schindler ... Steven Spielberg
75%
F Homme politique français 1er ministre de 2007 à 2012 François Fillon
73%
F Dictateur espagnol né en 1892 et mort en 1975 Francisco Franco
70%
G Interprète américaine de I will survive en 1978 Gloria Gaynor
69%
M Mariée avec le Prince Harry Meghan Markle
69%
R Ancien acteur devenu le 40e président des USA en 1981 Ronald Reagan
64%
B Footballeur français qui a permis à l'OM de gagner la Ligue des Champions en 1993 Basile Boli
62%
P Ouvrier d'usine, syndicaliste CGT, qui se présenta aux élections présidentielles de 2012, 2017 et 2022 Philippe Poutou
57%
M Dernière gagnante française de l'Eurovision en 1977 avec L'oiseau et l'enfant Marie Myriam
53%
S Actrice française oscarisée en 1960, compagne d'Yves Montand et grand-mère de Benjamin Castaldi Simone Signoret
53%
A Tennisman américain surnommé "le Kid de Las Vegas" André Agassi
47%
A Humoriste et acteur français qui a joué dans Qu'est-ce qu'on a fait au bon Dieu ? Ary Abittan
47%
L Acteur et humoriste français qui a incarné Tapie sur Netflix, et joué dans Les petits mouchoirs, Au revoir là-haut, Le comte de Monte-Cristo Laurent Lafitte
46%
H Illusionniste américain d'origine hongroise né en 1874 et décédé en 1926 Harry Houdini
43%
J Homme politique français fondateur de l'Humanité et assassiné le 31 juillet 1914 Jean Jaurès
43%
J Chanteuse française née en 1989 interprète de Ça ira en 2013, jurée de Good Singers (TF1), Show me your voice (M6) et sous le costume d'abeille dans Mask Singer Joyce Jonathan
43%
B Actrice franco-argentine césarisée pour le film The Artist Bérénice Bejo
42%
J Chanteuse américaine de blues, rock faisant partie du Club des 27 (ensemble d'artistes décédé à 27 ans) Janis Joplin
40%
G Acteur français dont son film Les garçons et Guillaume, à table ! en 2014 remporte 5 Césars Guillaume Gallienne
38%
R Acteur américain né en 1936 vu notamment dans L'homme qui murmurait à l'oreille des chevaux Robert Redford
37%
E Comédienne et chanteuse des Mystères de l'amour Elsa Esnoult
35%
S Actrice américaine née en 1958 vue dans Total Recall, Basic Instinct, Casino ... Sharon Stone
35%
W Chevalier écossais du 13e siècle, incarné en 1995 dans Braveheart par Mel Gibson William Wallace
35%
C A assassiné Marat dans sa baignoire le 13 juillet 1793 Charlotte Corday
33%
D Acteur américain formant un duo atypique avec Arnold Schwarzenegger dans Jumeaux Danny DeVito
33%
L Actrice américaine d'origine chinoise jouant dans les séries Ally McBeal, Elementary et Why Women Kill et dans les films Kill Bill, Charlie et ses drôles de dames ... Lucie Liu
31%
L Journaliste sportif sur France Télévision (JO, Tour de France ...) Laurent Luyat
30%
D Écrivain anglais auteur de Robinson Crusoé Daniel Defoe
27%
F Actrice américaine décédée le même jour que Michael Jackson et ayant joué dans la série Drôle de dames Farrah Fawcett
26%
G Actrice suédoise surnommée "La Divine" née en 1905 et décédée en 1990 Greta Garbo
25%
I Animatrice télé française auparavant sur Canal + et remplaçante de Nikos Aliagas sur TF1 dans 50 minutes Inside Isabelle Ithurburu
25%
B Chanteur américain né en 2002 ayant interprété In the Stars et Beautiful Things Benson Boone
23%
H Catcheur américain qui a joué avec Sylvester Stallone dans Rocky 3 Hulk Hogan
23%
P Nicolas d'Hélène et les garçons Patrick Puydebat
19%
A Journaliste, humoriste et écrivain français mort en 1905 Alphonse Allais
12%
E Acteur américain interprète de Ponch dans CHiPs Erik Estrada
12%
E Animatrice de Trouvez l'intrus sur France 3 Églantine Éméyé
11%
H Actrice américaine dans la sitcom Dingue de toi et les films Twister, Seul au monde... Helen Hunt
10%
R Acteur américain né au Canada en 1976 vu dans la série Un toit pour tous Ryan Reynolds
10%
Aucun quiz correspondant
Distribution des résultats
% des personnes avec chaque résultat
Percentile par nombre de réponses
Votre historique - résultats
Vous n’avez pas pris ce quiz